000 00553nam a2200217Ia 4500
003 OSt
005 20221005122128.0
006 a|||||r|||| 00| 0
007 ta
008 221004b |||||||| |||| 00| 0 eng d
024 _a66005
037 _cTextual
040 _aCRL
_cCRL
_beng
041 _2eng
_aeng
082 _aV54:1914:N5, J2
245 0 _aInternational brigades
_b foreign assistants of the Spanish reds
260 _c1952
650 _aHISTORY
942 _hV54:1914:N5, J2
_cTEXL
_2cc
999 _c1043342
_d1043342